Duryogaya

Saved in:
Bibliographic Details
Main Author: Welisarage, Kierthi
Format: Book
Published: Colombo S. Godage 1999
Subjects:
Tags: Add Tag
No Tags, Be the first to tag this record!

MARC

LEADER 00000nam a2200000 a 4500
020 |a 9789552036835 
082 |a 891.483 
100 |a Welisarage, Kierthi 
245 |a Duryogaya 
260 |a Colombo  |b S. Godage  |c 1999 
300 |a 336p. ; 21cm. 
653 |a Sinhalese fiction 
942 |c AFW 
999 |c 62397  |d 62397